MARC

LEADER 00000nam0a2200000 4500
001 249548
005 20231101232501.0
010 |a 528600055X 
035 |a (RuTPU)RU\TPU\book\271637 
090 |a 249548 
100 |a 20140206d1988 m y0rusy50 ca 
101 0 |a rus 
102 |a RU 
105 |a a z 001zy 
200 1 |a Биотические компоненты углеродного цикла  |f К. И. Кобак  |g под ред. М. И. Будыко 
210 |a Ленинград  |c Гидрометеоиздат  |d 1988 
215 |a 248 с.  |c ил. 
320 |a Библиогр.: с. 223-243. 
320 |a Предметный указатель: с. 244-246. 
606 1 |a Атмосферные газы  |2 stltpush  |3 (RuTPU)RU\TPU\subj\29655  |9 52938 
610 1 |a углерод 
610 1 |a углеродный цикл 
610 1 |a углеродосодержащие атмосферы 
610 1 |a биотические компоненты 
610 1 |a экосистемы 
610 1 |a биомасса 
610 1 |a почва 
610 1 |a углекислый газ 
610 1 |a антропогенные изменения 
675 |a 551.510.4  |v 3 
700 1 |a Кобак  |b К. И.  |g Кира Ивановна 
702 1 |a Будыко  |b М. И.  |c российский климатолог  |c геофизик  |c академик РАН  |f 1920-2001  |g Михаил Иванович  |2 stltpush  |3 (RuTPU)RU\TPU\pers\17553  |4 340  |9 6477 
801 1 |a RU  |b 63413507  |c 20140206 
801 2 |a RU  |b 63413507  |c 20150217  |g RCR 
942 |c BK